000 00420nam a2200157Ia 4500
008 231021s9999 xx 000 0 und d
041 _achi
050 _aBR1285
_b.T35 1976
245 0 _a中國基督教史
_b/
_c楊森富編
246 _a中国基督教史
260 _a臺北市 :  
_b臺灣商務,
_c1976
300 _a419 p.
_b;
_c22 cm.
650 _aChriatianity -- China.
700 _a楊森富
999 _c49855
_d49855